Sobre a pista branca (Record no. 44765)

MARC details
000 -Etiqueta do registo
Valores 00606cam a22002051 04500
100 ## - Dados gerais de processamento
Dados gerais 19920715d1971 m y0pory5003 ba
101 1# - Língua de publicação
Língua por
102 ## - País de publicação
País PT
200 1# - Titulo e menção de responsabilidade
Título próprio Sobre a pista branca
Primeira menção de responsabilidade Paul Émile Victor
Outras menções de responsabilidade trad. Franco de Sousa
210 #9 - Publicação
Local de publicação Lisboa
Nome do editor Publ. Europa-América,
Data de publicação 1971
215 ## - Descrição física 
Paginação / Volumes 173 p., [3] f.
Dimensões 21 cm
225 2# - Colecção 
Título próprio da colecção Europa-América Juvenil
Indicação de volume 17
304 ## - Nota relativa ao título
Texto de nota Tít. orig.: Sur la piste blanche
675 ## - CDU
Notação 840-31
Edição med
Língua por
700 #1 - Autor principal
Apelido Victor,
Nome Paul Emile,
Datas 1907-1995
702 #1 - Autor secundário
Apelido Sousa,
Nome Franco de,
Datas 1926-1993
Função 730
801 #0 - Fonte de origem
País PT
Agência BN
Regras de catalogação RPC
990 ## - Elementos KOHA
Tipo de documento Livro

No items available.

Powered by Koha